<?xml version="1.0" encoding="UTF-8"?>
<record
    xmlns:xsi="http://www.w3.org/2001/XMLSchema-instance"
    xsi:schemaLocation="http://www.loc.gov/MARC21/slim http://www.loc.gov/standards/marcxml/schema/MARC21slim.xsd"
    xmlns="http://www.loc.gov/MARC21/slim">

  <leader>03058nam a22002537a 4500</leader>
  <controlfield tag="003">NUST</controlfield>
  <controlfield tag="005">20240610114125.0</controlfield>
  <controlfield tag="008">240605b           ||||| |||| 00| 0 eng d</controlfield>
  <datafield tag="020" ind1=" " ind2=" ">
    <subfield code="a">9781119834427</subfield>
  </datafield>
  <datafield tag="038" ind1=" " ind2=" ">
    <subfield code="a">Malang jan</subfield>
  </datafield>
  <datafield tag="082" ind1=" " ind2=" ">
    <subfield code="a">720.711774</subfield>
  </datafield>
  <datafield tag="245" ind1="0" ind2="0">
    <subfield code="a">Cranbrook architecture :</subfield>
    <subfield code="b">a legacy of latitude /</subfield>
    <subfield code="c">guest-edited by Gretchen Wilkins.</subfield>
  </datafield>
  <datafield tag="260" ind1=" " ind2=" ">
    <subfield code="a">Oxford :</subfield>
    <subfield code="b">John Wiley &amp; Sons,</subfield>
    <subfield code="c">2023.</subfield>
  </datafield>
  <datafield tag="300" ind1=" " ind2=" ">
    <subfield code="a">136p.:</subfield>
    <subfield code="b">ill;</subfield>
    <subfield code="c">27cm.</subfield>
  </datafield>
  <datafield tag="440" ind1="1" ind2="0">
    <subfield code="a">Architectural design</subfield>
    <subfield code="9">33235</subfield>
  </datafield>
  <datafield tag="490" ind1="1" ind2="0">
    <subfield code="a">Architectural design</subfield>
    <subfield code="v">vol:93,no:03</subfield>
  </datafield>
  <datafield tag="505" ind1=" " ind2=" ">
    <subfield code="a">Cover -- Introduction: Hive of Education Reflections on a Model of Architectural Education --  
Building a Campus for Self-education --
Architecture for Education --
Navigating Latitude -- 
Cultures of Work
Notes
Evolution Over Revolution: Eliel Saarinen as Architect and Educator
Creating the Cranbrook Institutions --
First Cranbrook Buildings --
Adapting Modern Sources -- 
Saarinen as Educator
A Monumental Final Building
Saarinen's Legacy --
Notes Provoking the Outliers: Trajectories for the Near Future Drawn from the Enigmatic Past --
Research at the Periphery --
Speculating on Ideation --
Shapeshifting Practice
Note
'The Unmeasurable': Lessons from Cranbrook --
The Oval --
The Observatory --
The Water --
The Natatorium
Nurturing the Creative Spirit
Schooling Fishy Knowledge --
A Living Pedagogical Ecology --
Cranbrook's Imaginative Radicality --
Future Freshness --
Notes
Postgraduate Architectural Education In Situ
Cranbrook's Proto Context --
Studio Culture / Practice --
Experimentation as Education Unprompted: Open-ended Investigations in the Choreography of Construction --
Questions to Build On --
Elegant Interconnection
Easy and Free
Preserving Ambiguity --
Notes
Building A Dream: Fertile Ground for Social Good --
WALKING INTO THE DREAM --
THE CRANBROOK DREAMERS
MAKING MY OWN DREAMLAND
Notes
Unbuilding and the Recovery of Craft in Architecture: Cranbrook Department of Architecture 1986-1996 --
The Critical Environment --
Beginning Work --
Design-Build: The Cranbrook Architecture Office
Responsive Tectonics
Reflection
Notes An Architecture of Marks: Reading Histories and Writing Futures --
Opening Spaces of Representation --
Opening Spaces of Enquiry --
Opening Spaces of Rehearsal --
Marked by the Cranbrook Architecture Studio
Notes
Methods of Inspiration: A Pedagogical Approach Based on Singularity --
Saarinen's Legacy --
The Role of Inspiration in the Design Process --
Introductory Problems --
Seminars, Guest Lectures and Symposia
Contexts and Collaborators Within Detroit
Notes
The Interior Within Hand's Reach: Tactile Proximity --
Pinching the Interior --
Casting Hollows and Solids </subfield>
  </datafield>
  <datafield tag="650" ind1=" " ind2=" ">
    <subfield code="a"> Architecture Study and teaching (Higher)</subfield>
    <subfield code="9">123305</subfield>
  </datafield>
  <datafield tag="650" ind1=" " ind2=" ">
    <subfield code="a">Cranbrook Academy of Art.</subfield>
    <subfield code="v">Department of Architecture</subfield>
    <subfield code="9">123306</subfield>
  </datafield>
  <datafield tag="650" ind1=" " ind2=" ">
    <subfield code="a">Influence</subfield>
    <subfield code="y">History</subfield>
    <subfield code="9">123307</subfield>
  </datafield>
  <datafield tag="700" ind1="1" ind2=" ">
    <subfield code="a"> Wilkins, Gretchen</subfield>
    <subfield code="9">123293</subfield>
  </datafield>
  <datafield tag="942" ind1=" " ind2=" ">
    <subfield code="2">ddc</subfield>
    <subfield code="c">BK</subfield>
  </datafield>
  <datafield tag="999" ind1=" " ind2=" ">
    <subfield code="c">609524</subfield>
    <subfield code="d">609524</subfield>
  </datafield>
  <datafield tag="952" ind1=" " ind2=" ">
    <subfield code="0">0</subfield>
    <subfield code="1">0</subfield>
    <subfield code="2">ddc</subfield>
    <subfield code="4">0</subfield>
    <subfield code="7">0</subfield>
    <subfield code="a">SADA</subfield>
    <subfield code="b">SADA</subfield>
    <subfield code="d">2024-06-03</subfield>
    <subfield code="e">Golden Books</subfield>
    <subfield code="o">720.711774 CRA 2023</subfield>
    <subfield code="p">SADA0003040</subfield>
    <subfield code="r">2024-06-05</subfield>
    <subfield code="t">01</subfield>
    <subfield code="v">11016.71</subfield>
    <subfield code="w">2024-06-05</subfield>
    <subfield code="y">BK</subfield>
  </datafield>
</record>
